01058nam a2200169Ia 4500008004100000082001900041110006600060245013400126250000700260260001900267300001400286505026000300650011900560952009600679952009600775999001700871120629s9999 xx 000 0 und d a342.7206 M479a aMéxico. [Ley organica de la administracion publica federal] aAgenda de la administracion publica federal 2010 : compendio de leyes, reglamentos y otras disposiciones conexas sobre la materia a23 aMéxico: ISEF aIrregular aLey organica de la administracion publica federal - Ley federal de procedimiento administrativo - Ley federal de las entidades paraestatales y reglamento - Relacion de entidades paraestatales de la administracion publica federal sujetas a la ley federal d a1. DERECHO ADMINISTRATIVO-MEXICO \ 2. ADMINISTRACION PUBLICA-MEXICO \ 3. GOBIERNO FEDERAL-MEXICO--LEGISLACIONÌ 00104070a15b15d2010-04-21l0o342.7206 M479Ap15 003987r2017-12-07t1w2012-06-28yLB 00104070a15b15d2010-04-21l0o342.7206 M479Ap15 003988r2017-12-07t2w2012-06-28yLB c76958d76958